| 000 | 00510nam a22001815i 4500 | ||
|---|---|---|---|
| 001 | 53462 | ||
| 003 | ES-MaACL | ||
| 005 | 20230906162754.0 | ||
| 007 | t| | ||
| 008 | 950928m18751900fr ||||1| fre d | ||
| 040 |
_aCAM _bspa _cCAM |
||
| 100 | 1 |
_aEurÃpides. _948332 |
|
| 245 | 1 | 0 |
_aEuripide / _ctraduction... Leconte de Lisle. |
| 260 |
_aParis : _bAlphonse Lemerre, _c[18--?] |
||
| 300 |
_a3 v. ; _c19 cm. |
||
| 700 | 1 |
_aLeconte de Lisle, Charles-Marie ( _d1818-1894) _971108 |
|
| 852 |
_aES-MaACL _jF-5095-97 |
||
| 999 |
_c53462 _d53462 |
||